Management accounting / (Record no. 24045)

MARC details
000 -LEADER
fixed length control field 00830nam a22002177a 4500
008 - FIXED-LENGTH DATA ELEMENTS--GENERAL INFORMATION
fixed length control field 081128t xxu||||| |||| 00| 0 eng d
010 ## - LCCN (DPL NO)
LC control number ENG-93003
020 ## - INTERNATIONAL STANDARD BOOK NUMBER
Terms of availability 90.00
International Standard Book Number 9788190715287
035 ## - SYSTEM CONTROL NUMBER
System control number EN-76536
037 ## - SOURCE OF ACQUISITION
Source of stock number/acquisition DBAD / PUB
040 ## - CATALOGING SOURCE
Original cataloging agency dpl
Language of cataloging English
082 ## - DEWEY DECIMAL CLASSIFICATION NUMBER
Classification number 658.1511
100 ## - MAIN ENTRY--PERSONAL NAME
Personal name Selvakumar, A. Xavior
245 ## - TITLE STATEMENT
Title Management accounting /
Statement of responsibility, etc by A. Xavior Selvakumar
260 ## - PUBLICATION, DISTRIBUTION, ETC. (IMPRINT)
Name of publisher, distributor, etc Vizhichudar Pathippagam
Date of publication, distribution, etc 2008
Place of publication, distribution, etc Chennai
270 ## - ADDRESS
Address 38, Bharathi Nagar, Muthanmai Salai, Kolathur
City Chennai
Postal code 600099
300 ## - PHYSICAL DESCRIPTION
Extent 122p.
Dimensions 22cm (pbk)
650 ## - SUBJECT ADDED ENTRY--TOPICAL TERM
Topical term or geographic name as entry element Managerial accounting.
942 ## - ADDED ENTRY ELEMENTS (KOHA)
Source of classification or shelving scheme Dewey Decimal Classification
Item type English Books
Call number suffix SEL
Classification part 658.1511
Holdings
Withdrawn status Lost status Source of classification or shelving scheme Damaged status Not for loan Collection code Home library Current library Date acquired Source of acquisition Cost, normal purchase price Total Checkouts Full call number Barcode Date last seen Copy number Cost, replacement price Koha item type
    Dewey Decimal Classification   Not For Loan Non-fiction D.B.Act.Division D.B.Act.Division 18/02/2009 DBAD / PUB 90.00   658.1511 SEL EN-76536 18/02/2009 1 90.00 English Books

© Delhi Public Library
Hit Counter
free hit counter